[Event "Olympiad-40"]
[Site "Istanbul"]
[Date "2012.09.06"]
[Round "9.4"]
[White "Iwasaki, Yudai"]
[Black "Ferrufino, Boris"]
[Result "0-1"]
[WhiteElo "2137"]
[BlackElo "2171"]
[PlyCount "54"]
[EventDate "2012.08.28"]
[EventType "team-swiss"]
[EventRounds "11"]
[EventCountry "TUR"]
[SourceTitle "CBM 151"]
[Source "ChessBase"]
[SourceDate "2012.11.13"]
[SourceVersion "1"]
[SourceVersionDate "2012.11.13"]
[SourceQuality "1"]
[WhiteTeam "Japan"]
[BlackTeam "Bolivia"]
[WhiteTeamCountry "JPN"]
[BlackTeamCountry "BOL"]

1. e4 c5 2. Nf3 Nc6 3. d4 cxd4 4. Nxd4 Nf6 5. Nc3 e5 6. Ndb5 d6 7. Bg5 a6 8. Na3 b5 9. Bxf6 gxf6 10. Nd5 f5 11. Bd3 Be6 12. 0-0 Bxd5 13. exd5 Ne7 14. Nxb5 Bg7 15. Nc3 e4 16. Bc4 0-0 17. Qh5 Qc8 18. Bb3 Ng6 19. Rae1 Kh8 20. Ne2 f4 21. c3 Re8 22. f3 Re5 23. Qg4 Qc5+ 24. Kh1 exf3 25. Nxf4 Nxf4 26. Qxf4 Rxe1 27. Rxe1 Qf2 0-1

[Event "Olympiad-40"]
[Site "Istanbul"]
[Date "2012.08.28"]
[Round "1.4"]
[White "Bacallao Alonso, Yusnel"]
[Black "Iwasaki, Yudai"]
[Result "1-0"]
[WhiteElo "2583"]
[BlackElo "2137"]
[PlyCount "95"]
[EventDate "2012.08.28"]
[EventType "team-swiss"]
[EventRounds "11"]
[EventCountry "TUR"]
[SourceTitle "CBM 151"]
[Source "ChessBase"]
[SourceDate "2012.11.13"]
[SourceVersion "1"]
[SourceVersionDate "2012.11.13"]
[SourceQuality "1"]
[WhiteTeam "Cuba"]
[BlackTeam "Japan"]
[WhiteTeamCountry "CUB"]
[BlackTeamCountry "JPN"]

1. Nf3 Nf6 2. b3 g6 3. Bb2 Bg7 4. c4 0-0 5. Nc3 d6 6. d4 Nbd7 7. e3 e5 8. Be2 exd4 9. Nxd4 Nc5 10. 0-0 a5 11. a3 c6 12. b4 Nce4 13. Nb3 Nxc3 14. Bxc3 a4 15. Nd2 Be6 16. Qc2 d5 17. c5 Qe7 18. Qb2 Ne8 19. Bd3 Bxc3 20. Qxc3 Qf6 21. Qxf6 Nxf6 22. Rfc1 Nd7 23. Nf3 f6 24. Nd4 Rfe8 25. b5 Ne5 26. Be2 Bd7 27. Rab1 Re7 28. bxc6 Bxc6 29. Rb4 Kf7 30. h3 Ra5 31. Nb5 Kg7 32. Nd6 Nc4 33. e4 Nd2 34. exd5 Bxd5 35. Bb5 Nb3 36. Rc3 Bc6 37. Bxc6 bxc6 38. Nb7 Ra6 39. Nd8 Re1+ 40. Kh2 Nd2 41. h4 Re4 42. Rb7+ Kg8 43. Rd3 Nb3 44. Rdd7 Rxh4+ 45. Kg3 Rd4 46. Rg7+ Kh8 47. Rxh7+ Kg8 48. Rbg7+ 1-0

[Event "Seoul op"]
[Site "Seoul"]
[Date "2008.12.03"]
[Round "6"]
[White "Iwasaki, Yudai"]
[Black "Altanoch, Gendengin"]
[Result "0-1"]
[WhiteElo "2110"]
[BlackElo "2216"]
[PlyCount "72"]
[EventDate "2008.12.01"]
[EventType "swiss"]
[EventRounds "9"]
[EventCountry "KOR"]
[SourceTitle "EXT 2010"]
[Source "ChessBase"]
[SourceDate "2010.11.25"]
[SourceVersion "1"]
[SourceVersionDate "2010.11.25"]
[SourceQuality "1"]

1. e4 c6 2. Nc3 d5 3. Nf3 Bg4 4. h3 Bxf3 5. Qxf3 e6 6. g3 Nf6 7. Bg2 Bb4 8. 0-0 Nbd7 9. d3 Bxc3 10. bxc3 dxe4 11. dxe4 0-0 12. Ba3 Re8 13. Rab1 Qa5 14. Bd6 b5 15. g4 Nb6 16. g5 Nfd7 17. e5 Nd5 18. c4 bxc4 19. Rb7 Red8 20. Qg3 Qa6 21. Rb2 c3 22. Rb3 Qxa2 23. Be4 Qa4 24. Qh4 g6 25. Qg4 N7b6 26. Rfb1 Qd4 27. Rd1 Qc4 28. Qf3 Rd7 29. Kg2 Rc8 30. Kg3 Rxd6 31. exd6 Qc5 32. Bxd5 cxd5 33. Qf4 Nd7 34. Qb4 Qc6 35. Ra1 Nc5 36. Rxc3 Ne4+ 0-1

[Event "WMSG Rapid Team 1st"]
[Site "Beijing"]
[Date "2008.10.14"]
[Round "2"]
[White "Tvarijonas, Povilas"]
[Black "Iwasaki, Yudai"]
[Result "1/2-1/2"]
[WhiteElo "2310"]
[BlackElo "2110"]
[PlyCount "159"]
[EventDate "2008.10.14"]
[EventType "team (rapid)"]
[EventRounds "9"]
[EventCountry "CHN"]
[SourceTitle "CBM 126 Extra"]
[Source "ChessBase"]
[SourceDate "2008.11.05"]
[SourceVersion "1"]
[SourceVersionDate "2008.11.05"]
[SourceQuality "1"]

1. e4 c5 2. Nf3 d6 3. d4 cxd4 4. Nxd4 Nf6 5. Nc3 Nc6 6. Bg5 e6 7. Be2 Be7 8. 0-0 0-0 9. Qd2 Nxd4 10. Qxd4 Qa5 11. Bh4 Rd8 12. a3 Bd7 13. b4 Qc7 14. Rac1 a6 15. Bd3 e5 16. Bxf6 exd4 17. Nd5 Qb8 18. Bxe7 Re8 19. Bh4 Bc6 20. Nb6 Ra7 21. a4 a5 22. b5 Bxe4 23. Rfe1 d5 24. f3 f5 25. fxe4 fxe4 26. Nd7 Qd6 27. b6 Raa8 28. Bb5 Rad8 29. Bxd8 Rxd8 30. Rcd1 Rxd7 31. Bxd7 Qxd7 32. Rxd4 Qc6 33. Kh1 h6 34. Red1 Qxc2 35. h3 Qf2 36. Rxd5 Qxb6 37. Rb5 Qf2 38. Rbb1 b6 39. Rf1 Qd4 40. Rfe1 Qxa4 41. Rxb6 Qd4 42. Re6 a4 43. R6xe4 Qc3 44. R4e3 Qb2 45. R3e2 Qc3 46. Rb1 Qd3 47. Rbe1 Qc3 48. Rf1 Qc4 49. Re8+ Kh7 50. Ra1 Qc3 51. Ree1 a3 52. Rec1 Qb2 53. Rcb1 Qc2 54. Rc1 Qb2 55. Rab1 Qd2 56. Rd1 Qc2 57. Rdc1 Qd2 58. Rc4 Qa2 59. Rcb4 Qc2 60. Ra1 a2 61. Rd4 Qb1+ 62. Rd1 Qb2 63. Re1 Kg6 64. Rf1 Kh7 65. Rae1 Kg6 66. Kh2 Qb8+ 67. Kg1 Qb6+ 68. Kh1 Qb2 69. Re6+ Kh7 70. Ree1 Kg6 71. Rd1 Kh7 72. Rg1 Kg6 73. Rd6+ Kh7 74. Rdd1 Kg6 75. Rge1 Kh7 76. Rf1 Kg6 77. Kg1 Qb6+ 78. Kh2 Qb8+ 79. Kh1 Qb2 80. Kg1 1/2-1/2

[Event "WMSG Blitz Team 1st"]
[Site "Beijing"]
[Date "2008.10.13"]
[Round "6"]
[White "Iwasaki, Yudai"]
[Black "Lee, Kiyul"]
[Result "0-1"]
[WhiteElo "2110"]
[BlackElo "1952"]
[PlyCount "87"]
[EventDate "2008.10.13"]
[EventType "tourn (blitz)"]
[EventRounds "11"]
[EventCountry "CHN"]
[SourceTitle "CBM 126 Extra"]
[Source "ChessBase"]
[SourceDate "2008.11.05"]
[SourceVersion "1"]
[SourceVersionDate "2008.11.05"]
[SourceQuality "1"]

1. e4 e5 2. Nf3 Nc6 3. d4 exd4 4. Nxd4 Bc5 5. Nxc6 Qf6 6. Qf3 dxc6 7. Nc3 Be6 8. Be3 Bxe3 9. Qxe3 Ne7 10. Be2 Ng6 11. 0-0 Nf4 12. Bf3 0-0 13. g3 Nh3+ 14. Kh1 Bc4 15. Be2 Be6 16. f4 Rae8 17. Qf3 b5 18. a3 Qe7 19. Bd3 a5 20. Ne2 f5 21. e5 Bd5 22. Nd4 Bxf3+ 23. Nxf3 Rd8 24. Kg2 Rxd3 25. cxd3 Nxf4+ 26. gxf4 Qc5 27. d4 Qd5 28. Rf2 Re8 29. Re1 Re6 30. Kf1 Rg6 31. Ke2 Qc4+ 32. Ke3 c5 33. dxc5 Qxc5+ 34. Ke2 Qc2+ 35. Kf1 Qd3+ 36. Ree2 c5 37. Ke1 Qe4 38. Rg2 Rxg2 39. Kf1 Qxf4 40. Rd2 Qxe5 41. b3 g5 42. h3 f4 43. h4 g4 44. Kxg2 0-1

[Event "WMSG Blitz Team 1st"]
[Site "Beijing"]
[Date "2008.10.13"]
[Round "1"]
[White "Iwasaki, Yudai"]
[Black "Mrva, Martin"]
[Result "0-1"]
[WhiteElo "2110"]
[BlackElo "2467"]
[PlyCount "62"]
[EventDate "2008.10.13"]
[EventType "tourn (blitz)"]
[EventRounds "11"]
[EventCountry "CHN"]
[SourceTitle "CBM 126 Extra"]
[Source "ChessBase"]
[SourceDate "2008.11.05"]
[SourceVersion "1"]
[SourceVersionDate "2008.11.05"]
[SourceQuality "1"]

1. e4 c5 2. Nf3 e6 3. d4 cxd4 4. Nxd4 Nc6 5. Nc3 d6 6. Be2 Be7 7. 0-0 Nf6 8. Be3 0-0 9. Kh1 Re8 10. f4 Bf8 11. Bf3 Na5 12. Qe2 a6 13. Rad1 Qc7 14. Bc1 g6 15. g4 Bg7 16. g5 Nd7 17. Qg2 Nc6 18. Nb3 b5 19. f5 Nde5 20. fxe6 fxe6 21. Qd2 Nc4 22. Qe1 N6e5 23. Nd4 Bb7 24. Bf4 Nxb2 25. Nce2 Nxd1 26. Qxd1 Nxf3 27. Rxf3 e5 28. Rc3 Qd7 29. Be3 exd4 30. Bxd4 Rxe4 31. Kg1 Rxe2 0-1

[Event "WMSG Blitz Team 1st"]
[Site "Beijing"]
[Date "2008.10.13"]
[Round "11"]
[White "Sandler, Leonid"]
[Black "Iwasaki, Yudai"]
[Result "1-0"]
[WhiteElo "2357"]
[BlackElo "2110"]
[PlyCount "81"]
[EventDate "2008.10.13"]
[EventType "tourn (blitz)"]
[EventRounds "11"]
[EventCountry "CHN"]
[SourceTitle "CBM 126 Extra"]
[Source "ChessBase"]
[SourceDate "2008.11.05"]
[SourceVersion "1"]
[SourceVersionDate "2008.11.05"]
[SourceQuality "1"]

1. c4 Nf6 2. Nf3 g6 3. Nc3 Bg7 4. d4 d6 5. g3 0-0 6. Bg2 Nbd7 7. 0-0 e5 8. e4 exd4 9. Nxd4 Re8 10. Re1 a6 11. h3 Rb8 12. a4 c5 13. Nde2 Ne5 14. b3 Nc6 15. Bf4 Nd4 16. Nxd4 cxd4 17. Nd5 Nxd5 18. cxd5 b5 19. a5 Bd7 20. Qd2 Bc8 21. Rac1 Rb7 22. Rc6 Rc7 23. Rxd6 Qe7 24. e5 Bf5 25. Rxa6 Rc2 26. Qxd4 Qa3 27. b4 Rc4 28. Qa1 Qxb4 29. Rb6 Rc2 30. Rc6 Ra2 31. Qc3 Qxa5 32. Qxa5 Rxa5 33. d6 Ra7 34. Rb6 Bd7 35. g4 f6 36. Bd5+ Kf8 37. e6 Bxe6 38. Rxe6 Ra1+ 39. Kg2 g5 40. Be3 h6 41. d7 1-0

[Event "Asian Indoor Games 2nd"]
[Site "Macau"]
[Date "2007.10.29"]
[Round "3"]
[White "Mas, Hafizulhelmi"]
[Black "Iwasaki, Yudai"]
[Result "1-0"]
[WhiteElo "2372"]
[BlackElo "2131"]
[PlyCount "93"]
[EventDate "2007.10.28"]
[EventType "team"]
[EventRounds "6"]
[EventCountry "CHN"]
[SourceTitle "EXT 2008"]
[Source "ChessBase"]
[SourceDate "2007.11.25"]
[SourceVersion "1"]
[SourceVersionDate "2007.11.25"]
[SourceQuality "1"]

1. e4 c5 2. Nf3 Nc6 3. Bb5 g6 4. 0-0 Bg7 5. Bxc6 dxc6 6. d3 Bg4 7. h3 Bxf3 8. Qxf3 Nf6 9. Nc3 Qd7 10. Be3 b6 11. a4 a5 12. g4 0-0 13. Qg3 e5 14. f4 exf4 15. Bxf4 Ra7 16. Rf2 Ne8 17. Kh1 Nc7 18. Raf1 Ne6 19. Bd6 Bd4 20. e5 Bxc3 21. bxc3 Re8 22. h4 b5 23. Qe3 Qd8 24. Rf6 Rb7 25. Qf3 Qd7 26. Qe4 Qc8 27. h5 Kg7 28. Qe3 Rd7 29. Kg2 c4 30. Rh1 g5 31. h6+ Kg8 32. Rh5 Nf4+ 33. Kf3 Nxh5 34. Qxg5+ Kh8 35. Qxh5 Rg8 36. Qf5 Rg6 37. Rxg6 fxg6 38. Qf6+ Kg8 39. e6 Qd8 40. e7 Rxe7 41. Qxe7 Qxe7 42. Bxe7 Kf7 43. Bc5 cxd3 44. cxd3 g5 45. axb5 cxb5 46. d4 Kg6 47. d5 1-0

[Event "Kemerovo"]
[Site "Kemerovo"]
[Date "2007.08.11"]
[Round "9"]
[White "Klimov, Anton"]
[Black "Iwasaki, Yudai"]
[Result "1-0"]
[WhiteElo "2356"]
[BlackElo "2138"]
[PlyCount "49"]
[EventDate "2007.08.06"]
[EventType "tourn"]
[EventRounds "11"]
[EventCountry "RUS"]
[SourceTitle "CBM 119 Extra"]
[Source "ChessBase"]
[SourceDate "2007.09.04"]
[SourceVersion "1"]
[SourceVersionDate "2007.09.04"]
[SourceQuality "1"]

1. e4 c5 2. Nc3 Nc6 3. Bb5 Na5 4. Be2 e6 5. Nf3 a6 6. d4 cxd4 7. Qxd4 Qc7 8. Bg5 f6 9. Be3 Nc6 10. Qd2 Bb4 11. a3 Ba5 12. b4 Nxb4 13. axb4 Bxb4 14. Bd4 e5 15. 0-0 Qc6 16. Qd3 exd4 17. Nd5 Bc5 18. Nxd4 Bxd4 19. Qxd4 Ne7 20. Bh5+ Kd8 21. Nxe7 Kxe7 22. e5 Kd8 23. Rab1 fxe5 24. Qxe5 Qf6 25. Qa5+ 1-0

[Event "Kemerovo"]
[Site "Kemerovo"]
[Date "2007.08.10"]
[Round "7"]
[White "Karimov, Ibragim"]
[Black "Iwasaki, Yudai"]
[Result "1-0"]
[WhiteElo "2304"]
[BlackElo "2138"]
[PlyCount "71"]
[EventDate "2007.08.06"]
[EventType "tourn"]
[EventRounds "11"]
[EventCountry "RUS"]
[SourceTitle "CBM 119 Extra"]
[Source "ChessBase"]
[SourceDate "2007.09.04"]
[SourceVersion "1"]
[SourceVersionDate "2007.09.04"]
[SourceQuality "1"]

1. Nf3 Nf6 2. g3 g6 3. Bg2 Bg7 4. 0-0 0-0 5. c4 d6 6. d4 Nbd7 7. Nc3 e5 8. Qc2 Re8 9. Rd1 exd4 10. Nxd4 c6 11. b3 a5 12. Bb2 Nc5 13. h3 Qb6 14. e3 a4 15. Ba3 axb3 16. axb3 Bf5 17. Nxf5 gxf5 18. b4 Nce4 19. c5 dxc5 20. bxc5 Qc7 21. Bb2 Qe7 22. Rxa8 Rxa8 23. Nxe4 Nxe4 24. Bxg7 Kxg7 25. Rd4 Qxc5 26. Bxe4 Ra1+ 27. Kg2 Qa5 28. Bxf5 Qe1 29. Kf3 Rc1 30. Qe4 Qh1+ 31. Kf4 Qxe4+ 32. Bxe4 c5 33. Rd7 b5 34. Bd5 c4 35. Rxf7+ Kg6 36. Rb7 1-0

[Event "Kemerovo"]
[Site "Kemerovo"]
[Date "2007.08.09"]
[Round "5"]
[White "Mikhailov, Vladimir"]
[Black "Iwasaki, Yudai"]
[Result "1-0"]
[WhiteElo "1747"]
[BlackElo "2138"]
[PlyCount "89"]
[EventDate "2007.08.06"]
[EventType "tourn"]
[EventRounds "11"]
[EventCountry "RUS"]
[SourceTitle "CBM 119 Extra"]
[Source "ChessBase"]
[SourceDate "2007.09.04"]
[SourceVersion "1"]
[SourceVersionDate "2007.09.04"]
[SourceQuality "1"]

1. d4 Nf6 2. Nf3 g6 3. c4 Bg7 4. Nc3 0-0 5. Bg5 c5 6. d5 b5 7. cxb5 a6 8. e3 d6 9. bxa6 Bxa6 10. Bxa6 Rxa6 11. 0-0 Nbd7 12. Qc2 Qa8 13. e4 Rb8 14. Rab1 h6 15. Bc1 Ng4 16. b3 c4 17. b4 Nge5 18. Nd4 Kf8 19. a4 Nd3 20. Nc6 Rxc6 21. dxc6 Qxc6 22. b5 Qc5 23. Be3 Qe5 24. Bd2 Nf6 25. h3 g5 26. Nd5 Nxe4 27. Qxc4 Ndxf2 28. Nf4 gxf4 29. Rxf2 Nxf2 30. Kxf2 d5 31. Qxf4 Qxf4+ 32. Bxf4 Ra8 33. b6 Bd4+ 34. Be3 Bxb6 35. Rxb6 Rxa4 36. Bxh6+ Kg8 37. Rb7 Re4 38. Kf3 Kh7 39. Bg5 e6 40. g4 Kg6 41. Be3 Ra4 42. h4 f5 43. h5+ Kf6 44. g5+ Ke5 45. h6 1-0

[Event "Kemerovo"]
[Site "Kemerovo"]
[Date "2007.08.08"]
[Round "4"]
[White "Iwasaki, Yudai"]
[Black "Skurygin, Anton"]
[Result "0-1"]
[WhiteElo "2138"]
[BlackElo "2319"]
[PlyCount "92"]
[EventDate "2007.08.06"]
[EventType "tourn"]
[EventRounds "11"]
[EventCountry "RUS"]
[SourceTitle "CBM 119 Extra"]
[Source "ChessBase"]
[SourceDate "2007.09.04"]
[SourceVersion "1"]
[SourceVersionDate "2007.09.04"]
[SourceQuality "1"]

1. e4 d6 2. d4 Nf6 3. Nc3 e5 4. Nf3 Nbd7 5. Bc4 Be7 6. 0-0 0-0 7. a4 c6 8. Re1 b6 9. b3 Bb7 10. Bb2 a6 11. Bf1 Qc7 12. Qd2 b5 13. b4 a5 14. axb5 axb4 15. Nd1 Rxa1 16. Bxa1 Ra8 17. Bb2 c5 18. dxe5 dxe5 19. Qg5 h6 20. Qf5 Bd6 21. Bc4 Bc8 22. Nd2 Nf8 23. Qf3 Ne6 24. Ne3 Nd4 25. Qd1 Bd7 26. b6 Qxb6 27. Nd5 Qd8 28. h3 Ra7 29. Re3 Be6 30. c3 bxc3 31. Bxc3 Bf8 32. Nxf6+ Qxf6 33. Rg3 Rd7 34. Qf1 g6 35. Bxe6 Qxe6 36. Nc4 h5 37. Ne3 Qa2 38. Bxd4 exd4 39. Nd5 Rxd5 40. exd5 Qxd5 41. Qc1 d3 42. Qd2 c4 43. Kf1 Qd4 44. Qe3 Qa1+ 45. Qe1 Qb2 46. Qe4 Bb4 0-1

[Event "Stone Flower-B"]
[Site "Nizhnij Tagil"]
[Date "2007.01.19"]
[Round "6"]
[White "Iwasaki, Yudai"]
[Black "Pogromsky, Mikhail"]
[Result "0-1"]
[WhiteElo "2141"]
[BlackElo "2384"]
[PlyCount "66"]
[EventDate "2007.01.15"]
[EventType "tourn"]
[EventRounds "10"]
[EventCountry "RUS"]
[EventCategory "3"]
[SourceTitle "EXT 2008"]
[Source "ChessBase"]
[SourceDate "2007.11.25"]
[SourceVersion "1"]
[SourceVersionDate "2007.11.25"]
[SourceQuality "1"]

1. e4 c5 2. Nf3 a6 3. c3 d5 4. exd5 Qxd5 5. d4 e6 6. Be3 cxd4 7. cxd4 Nf6 8. a3 Nbd7 9. Nc3 Qd6 10. Bd3 Be7 11. 0-0 0-0 12. Qd2 b5 13. Bf4 Qb6 14. a4 b4 15. Ne4 Bb7 16. a5 Nxe4 17. Bxe4 Qb5 18. Bd3 Qh5 19. Be2 Qd5 20. Rfe1 Rac8 21. Bf1 Qb3 22. Re3 Qc2 23. d5 Qxd2 24. Nxd2 Bxd5 25. Bxa6 Rc2 26. Rg3 Bf6 27. Bb5 Nc5 28. Nf1 Ne4 29. Ne3 Rc5 30. Nxd5 exd5 31. Bd3 Bxb2 32. Rb1 Nxg3 33. hxg3 Bc3 0-1

[Event "Zupanja op-B 13th"]
[Site "Zupanja"]
[Date "2007.01.09"]
[Round "9"]
[White "Ljubic, Juro"]
[Black "Iwasaki, Yudai"]
[Result "1-0"]
[WhiteElo "2222"]
[BlackElo "2141"]
[PlyCount "73"]
[EventDate "2007.01.03"]
[EventType "swiss"]
[EventRounds "9"]
[EventCountry "CRO"]
[SourceTitle "CBM 116 Extra"]
[Source "ChessBase"]
[SourceDate "2007.03.07"]
[SourceVersion "1"]
[SourceVersionDate "2007.03.07"]
[SourceQuality "1"]

1. b3 e5 2. Bb2 d6 3. e3 Nf6 4. Be2 Be7 5. d4 exd4 6. exd4 d5 7. Nf3 0-0 8. 0-0 Bf5 9. Ne5 a5 10. a3 Nbd7 11. Bd3 Bxd3 12. Qxd3 Re8 13. Nd2 Bd6 14. Rae1 Re6 15. Ndf3 Ne4 16. c4 c6 17. Nxd7 Qxd7 18. Ne5 Qe7 19. f3 Nf6 20. f4 Ne4 21. a4 Rd8 22. cxd5 cxd5 23. Re3 Bxe5 24. dxe5 Rc6 25. Rd1 Qc5 26. Qxe4 Rg6 27. Qd3 Rg4 28. Bd4 Qa3 29. Qf5 h5 30. e6 fxe6 31. Qxe6+ Kh7 32. Qf5+ Kg8 33. Qxh5 Rxf4 34. Qg5 Rxd4 35. Qxd8+ Kh7 36. Rh3+ Kg6 37. Qb6+ 1-0

[Event "Olympiad-37"]
[Site "Turin"]
[Date "2006.05.28"]
[Round "7"]
[White "Abdulaziz, Mahmoud"]
[Black "Iwasaki, Yudai"]
[Result "0-1"]
[WhiteElo "2101"]
[BlackElo "2080"]
[PlyCount "96"]
[EventDate "2006.05.21"]
[EventType "team-swiss"]
[EventRounds "13"]
[EventCountry "ITA"]
[SourceTitle "CBM 113"]
[Source "ChessBase"]
[SourceDate "2006.07.31"]
[SourceVersion "1"]
[SourceVersionDate "2006.07.31"]
[SourceQuality "1"]
[WhiteTeam "Lebanon"]
[BlackTeam "Japan"]
[WhiteTeamCountry "LBN"]
[BlackTeamCountry "JPN"]

1. c4 Nf6 2. g3 g6 3. Bg2 Bg7 4. Nc3 d6 5. d4 0-0 6. Nf3 Nbd7 7. 0-0 e5 8. b3 Re8 9. e4 exd4 10. Nxd4 a6 11. h3 Rb8 12. Be3 c5 13. Nde2 b5 14. cxb5 axb5 15. Qxd6 Rb6 16. Qd3 b4 17. Na4 Ba6 18. Qc2 Rbe6 19. Nf4 Rxe4 20. Rfd1 Rxe3 21. fxe3 Qe7 22. Rac1 g5 23. Nd5 Nxd5 24. Bxd5 Qxe3+ 25. Qf2 Qxf2+ 26. Kxf2 Bd4+ 27. Rxd4 Re2+ 28. Kg1 cxd4 29. Rc7 Ne5 30. Nc5 d3 31. Nxd3 Bxd3 32. Rb7 Be4 33. Bxe4 Rxe4 34. Ra7 Re2 35. a3 bxa3 36. Rxa3 Rb2 37. h4 gxh4 38. gxh4 Kg7 39. h5 Kh6 40. Ra5 Nf3+ 41. Kf1 Rxb3 42. Ra6+ Kxh5 43. Rf6 Ng5 44. Kg2 Kg4 45. Kh2 Rf3 46. Ra6 Rf2+ 47. Kh1 Kg3 48. Ra1 Rh2+ 0-1

[Event "Olympiad-37"]
[Site "Turin"]
[Date "2006.05.27"]
[Round "6"]
[White "Campos, Eugenio"]
[Black "Iwasaki, Yudai"]
[Result "1-0"]
[WhiteElo "2263"]
[BlackElo "2080"]
[PlyCount "63"]
[EventDate "2006.05.21"]
[EventType "team-swiss"]
[EventRounds "13"]
[EventCountry "ITA"]
[SourceTitle "CBM 113"]
[Source "ChessBase"]
[SourceDate "2006.07.31"]
[SourceVersion "1"]
[SourceVersionDate "2006.07.31"]
[SourceQuality "1"]
[WhiteTeam "Angola"]
[BlackTeam "Japan"]
[WhiteTeamCountry "ANG"]
[BlackTeamCountry "JPN"]

1. e4 c5 2. Nf3 Nc6 3. Bb5 g6 4. 0-0 Bg7 5. Bxc6 dxc6 6. h3 Nf6 7. d3 0-0 8. Be3 Nd7 9. Nc3 e5 10. Qd2 Qe7 11. Bh6 Re8 12. Nh2 Nf8 13. Bxg7 Kxg7 14. f4 exf4 15. Qxf4 Ne6 16. Qe5+ f6 17. Qg3 Nd4 18. Rf2 Be6 19. Raf1 Rf8 20. Nd1 Rae8 21. Ne3 Bc8 22. c3 Nb5 23. Nhg4 Qc7 24. Qh4 f5 25. exf5 gxf5 26. Nxf5+ Bxf5 27. Rxf5 Rxf5 28. Rxf5 Qe7 29. Rg5+ Kh8 30. Ne5 Qc7 31. Qh6 Qe7 32. Ng6+ 1-0

[Event "Ho Chi Minh City zt 3.2a"]
[Site "Ho Chi Minh City"]
[Date "2003.06.29"]
[Round "9"]
[White "Iwasaki, Yudai"]
[Black "Wong, Zi Jing"]
[Result "0-1"]
[WhiteElo "2200"]
[BlackElo "2336"]
[PlyCount "84"]
[EventDate "2003.06.21"]
[EventType "swiss"]
[EventRounds "9"]
[EventCountry "VIE"]
[SourceTitle "CBM 094 Extra"]
[Source "ChessBase"]
[SourceDate "2003.07.09"]
[SourceVersion "2"]
[SourceVersionDate "2003.07.09"]
[SourceQuality "1"]

1. e4 c5 2. c3 d5 3. exd5 Qxd5 4. d4 Nf6 5. Nf3 Bg4 6. Be2 e6 7. 0-0 Nc6 8. Be3 cxd4 9. cxd4 Be7 10. Nc3 Qd6 11. Qb3 0-0 12. Rfd1 Rfd8 13. Rac1 Qb4 14. h3 Qxb3 15. axb3 Bh5 16. g4 Bg6 17. Ne5 Na5 18. Nxg6 hxg6 19. Bc4 Nd5 20. Nxd5 exd5 21. Bf1 a6 22. Rd3 Rd7 23. Bd2 Nc6 24. Bg2 Kf8 25. g5 f5 26. h4 Kf7 27. Kh2 Bd6+ 28. Kh3 Bc7 29. Rc5 Rad8 30. b4 Bb6 31. b5 Nxd4 32. b4 Bxc5 33. bxc5 Nxb5 34. Ba5 Nc7 35. Rb3 Ne6 36. Bxd8 Nxd8 37. Kg3 Ne6 38. Rc3 d4 39. Rc4 d3 40. Bf3 d2 41. c6 bxc6 42. Rxc6 Nd4 0-1

[Event "Ho Chi Minh City zt 3.2a"]
[Site "Ho Chi Minh City"]
[Date "2003.06.27"]
[Round "8"]
[White "Purnama, Tirta Chandra"]
[Black "Iwasaki, Yudai"]
[Result "1-0"]
[WhiteElo "2294"]
[BlackElo "2200"]
[PlyCount "75"]
[EventDate "2003.06.21"]
[EventType "swiss"]
[EventRounds "9"]
[EventCountry "VIE"]
[SourceTitle "CBM 094 Extra"]
[Source "ChessBase"]
[SourceDate "2003.07.09"]
[SourceVersion "2"]
[SourceVersionDate "2003.07.09"]
[SourceQuality "1"]

1. d4 Nf6 2. c4 e6 3. Nf3 b6 4. a3 Ba6 5. Qc2 Bb7 6. Nc3 c5 7. e4 cxd4 8. Nxd4 Nc6 9. Nxc6 Bxc6 10. Bf4 Rc8 11. Rd1 d6 12. Be2 Qc7 13. 0-0 Be7 14. b4 0-0 15. Qd3 Rfd8 16. Rc1 Qb8 17. Rfe1 Qa8 18. Bf1 h6 19. h3 Bf8 20. Rcd1 d5 21. cxd5 exd5 22. e5 Ne4 23. Nxe4 dxe4 24. Qg3 Kh7 25. Bc4 Bd5 26. Bxd5 Rxd5 27. Qb3 Rxd1 28. Rxd1 Qb7 29. e6 fxe6 30. Qxe6 a5 31. Qf5+ Kh8 32. Rd7 Qc6 33. Be5 e3 34. fxe3 axb4 35. axb4 Re8 36. Qf7 Qe6 37. Bxg7+ Kh7 38. Qxe6 1-0

[Event "Ho Chi Minh City zt 3.2a"]
[Site "Ho Chi Minh City"]
[Date "2003.06.26"]
[Round "7"]
[White "Iwasaki, Yudai"]
[Black "Leong, Luke"]
[Result "0-1"]
[WhiteElo "2200"]
[BlackElo "2277"]
[PlyCount "118"]
[EventDate "2003.06.21"]
[EventType "swiss"]
[EventRounds "9"]
[EventCountry "VIE"]
[SourceTitle "CBM 094 Extra"]
[Source "ChessBase"]
[SourceDate "2003.07.09"]
[SourceVersion "2"]
[SourceVersionDate "2003.07.09"]
[SourceQuality "1"]

1. e4 e6 2. d4 d5 3. exd5 exd5 4. Bd3 Bd6 5. Nf3 Ne7 6. 0-0 0-0 7. Bg5 f6 8. Bh4 Nf5 9. Bg3 Nxg3 10. hxg3 Re8 11. c4 dxc4 12. Bxc4+ Kh8 13. Nc3 Nd7 14. Qc2 Nf8 15. Ne4 c6 16. Rae1 Bg4 17. Re3 Bxf3 18. gxf3 Re7 19. Kg2 Qd7 20. a3 Rae8 21. Rh1 Bb8 22. Qd3 b6 23. Ba2 Rd8 24. Qc4 Ng6 25. Qc2 Nf8 26. Ree1 Qe8 27. Rc1 Rxd4 28. Qxc6 Qxc6 29. Rxc6 Rd8 30. Rhc1 Ng6 31. Rd1 Ree8 32. Nd6 Ne5 33. f4 Bxd6 34. Rcxd6 Nc6 35. b4 Rxd6 36. Rxd6 Nb8 37. Kf3 Rc8 38. Re6 g6 39. g4 Nc6 40. Rd6 Rc7 41. Be6 Kg7 42. b5 Ne7 43. Rd7 Rxd7 44. Bxd7 Nd5 45. Be6 Nc3 46. Bc4 Kf8 47. Ke3 Ke7 48. Kd4 Nd1 49. f3 Kd6 50. g5 fxg5 51. fxg5 Nf2 52. Be2 Nh3 53. Ke4 Nxg5+ 54. Kd4 Nf7 55. f4 Nh6 56. Kc4 Nf5 57. Kd3 h5 58. Bd1 h4 59. Ke4 h3 0-1

[Event "Ho Chi Minh City zt 3.2a"]
[Site "Ho Chi Minh City"]
[Date "2003.06.23"]
[Round "4"]
[White "Iwasaki, Yudai"]
[Black "Foudzi, Johan Iskandar"]
[Result "1/2-1/2"]
[WhiteElo "2200"]
[BlackElo "2042"]
[PlyCount "84"]
[EventDate "2003.06.21"]
[EventType "swiss"]
[EventRounds "9"]
[EventCountry "VIE"]
[SourceTitle "CBM 094 Extra"]
[Source "ChessBase"]
[SourceDate "2003.07.09"]
[SourceVersion "2"]
[SourceVersionDate "2003.07.09"]
[SourceQuality "1"]

1. e4 d5 2. exd5 Qxd5 3. Nc3 Qa5 4. d4 Nf6 5. Nf3 Bf5 6. Bd2 c6 7. Bc4 e6 8. 0-0 Nbd7 9. Nd5 Qd8 10. Ne3 Bg6 11. Ne5 Nxe5 12. dxe5 Nd5 13. Nxd5 exd5 14. Be2 Bc5 15. Kh1 Qb6 16. f4 Be4 17. b4 Bd4 18. c3 Be3 19. Bf3 Rd8 20. Bxe3 Qxe3 21. Qd4 Qxd4 22. cxd4 Bxf3 23. Rxf3 Ke7 24. a4 Rc8 25. a5 Rc7 26. g4 Rhc8 27. Rc1 h6 28. f5 b6 29. axb6 axb6 30. Rfc3 Kd7 31. Kg2 b5 32. Ra1 f6 33. e6+ Kd6 34. Ra6 g6 35. h3 h5 36. Re3 hxg4 37. hxg4 gxf5 38. gxf5 Rg8+ 39. Rg3 Rcg7 40. Raa3 Rg4 41. Kh3 R4g5 42. Kg2 Rg4 1/2-1/2